| 000 | 00438nam a2200181Ia 4500 | ||
|---|---|---|---|
| 001 | 15501 | ||
| 005 | 20260306170201.0 | ||
| 008 | 260306t2016||||xx |||||||||||||| ||und|| | ||
| 041 | _aESP | ||
| 082 |
_a541.3 _bR91 |
||
| 100 |
_aRubio Encinas, María Jesús _eAUT |
||
| 245 | 0 | _aQuímica para ingenieros civiles | |
| 260 | _c2016 | ||
| 300 |
_a234 páginas : _c24 cm. |
||
| 650 | _aGEN | ||
| 654 | _aCCN | ||
| 942 |
_cLIB _dJUS _fJUS _2ddc _n |
||
| 999 |
_c15501 _d15501 |
||